| 000 | 00782nam a2200265 a 4500 | ||
|---|---|---|---|
| 001 | 42608 | ||
| 003 | BD-RjUL | ||
| 005 | 20211209053550.0 | ||
| 008 | 160614s1989 ii b 001 0 eng | ||
| 020 | _a8122900011 | ||
| 035 | _a(BD-RjUL)42726 | ||
| 040 |
_aDLC _cDLC _dBD-RjUL _beng |
||
| 041 | _aeng | ||
| 082 |
_a352.230954 _223 _bRAR 1989 |
||
| 100 | 0 |
_aRaj, Hans _d1947- _9130991 |
|
| 245 | 1 | 0 |
_aRethinking presidency and parliament in India / _cDr. Hans Raj |
| 250 | _a1st ed. | ||
| 260 |
_aDelhi : _bSurjeet Publications, _c1989. |
||
| 300 |
_a [8], 224 p. ; _c22 cm. |
||
| 504 | _aIncludes Bibliography and index. | ||
| 650 | 0 |
_aPresidents _zIndia. _9130992 |
|
| 650 | 0 |
_aPrime ministers _zIndia. _9130993 |
|
| 650 | 0 |
_aExecutive power _zIndia. _9130994 |
|
| 942 |
_2ddc _cBK |
||
| 999 |
_c42608 _d42608 |
||